[Event "Berliner Sommer"]
[Site "Berlin"]
[Date "1995.??.??"]
[Round "8"]
[White "Tregubov, Pavel V"]
[Black "Zoler, Dan"]
[Result "1/2-1/2"]
[WhiteElo "2490"]
[BlackElo "2415"]

1.d4 Nf6 2.Nf3 e6 3.c4 Bb4+ 4.Bd2 c5 5.Bxb4 cxb4 6.g3 O-O 7.Bg2 d6 8.O-O a5
9.a3 Na6 10.Nbd2 Re8 11.Ne1 e5 12.Nc2 Qb6 13.c5 dxc5 14.dxe5 Ng4 15.Nc4 Qc7
16.f4 Be6 17.Nd6 b3 18.Ne1 Ne3 19.Qd2 Nxf1 20.Kxf1 Rad8 21.Nf3 c4 22.Rc1 h6
23.Nd4 Rxd6 24.exd6 Qxd6 25.Nxb3 Qxd2 26.Nxd2 Nc5 27.Rc2 Nb3 28.Bxb7 Rd8
29.Ke1 Nd4 30.Rc3 Rb8 31.Ba6 Rxb2 32.Kd1 Nb3 33.Rc2 c3 34.Rxc3 Rxd2+ 35.Ke1 Ra2
36.f5 Bd5 37.e4 Bxe4 38.Rxb3 Rxh2 39.Bc4 Bxf5 40.Rb8+ Kh7 41.Bxf7 h5 42.Rb5 g6
43.Bd5 Bd3 44.Rb3 Bf5 45.Rb5 Rh3 46.Kf2 h4 47.gxh4 Rxa3 48.Bf3 a4 49.h5 Rb3
50.Ra5 a3 51.hxg6+ Kxg6 52.Bd5 Rh3 53.Ke2 Bb1 54.Be6 Rh2+ 55.Ke3 a2 56.Kd4 Kf6
57.Bb3 Ke7 58.Kc3 Kd6 59.Ra6+ Kc5 60.Ra5+ Kb6 61.Ra8  1/2-1/2

[Event "Berliner Sommer"]
[Site "Berlin"]
[Date "1995.??.??"]
[Round "9"]
[White "Dydyshko, Viacheslav"]
[Black "Wahls, Matthias"]
[Result "1/2-1/2"]
[WhiteElo "2545"]
[BlackElo "2550"]

1.d4 Nf6 2.c4 e6 3.Nf3 Bb4+ 4.Bd2 Qe7 5.g3 Nc6 6.Nc3 Bxc3 7.Bxc3 Ne4 8.Rc1 O-O
9.Bg2 d6 10.d5 Nd8 11.dxe6 Nxe6 12.Bb4 Re8 13.O-O N6g5  1/2-1/2

[Event "Bermuda-B"]
[Site "Bermuda"]
[Date "1995.??.??"]
[Round "1"]
[White "Arnett, David A"]
[Black "Shahade, Michael"]
[Result "1-0"]
[WhiteElo "2300"]
[BlackElo "2275"]

1.d4 Nf6 2.Nf3 e6 3.c4 Bb4+ 4.Bd2 Qe7 5.Qc2 Bxd2+ 6.Nbxd2 Nc6 7.e4 d6 8.a3 a5
9.Bd3 e5 10.d5 Nb8 11.c5 O-O 12.O-O Nbd7 13.cxd6 cxd6 14.b4 Nb6 15.Rfc1 a4
16.h3 Ne8 17.Bb5 Bd7 18.Qd3 Rc8 19.Rxc8 Nxc8 20.Rc1 Na7 21.Bxd7 Qxd7 22.Nc4 Nc8
23.Qe3 Nc7 24.Nh4 g6 25.Nf3 f6 26.h4 Nb5 27.h5 Rf7 28.g3 g5 29.Qd3 g4 30.Nh4 Nd4
31.Ne3 Ne7 32.Rc4 Rf8 33.Qd1 b5 34.Rxd4 exd4 35.Qxd4 Kf7 36.Nhf5 Nxf5 37.Nxf5 Re8
38.Qb6 Rd8 39.Qe3 Ke8 40.Qf4 Qc7 41.Kg2 Qc3 42.Qxg4 Qe5 43.Qg8+ Kd7 44.Qf7+ Kc8
45.Ne7+  1-0

[Event "Bern op"]
[Site "Bern"]
[Date "1995.??.??"]
[Round "2"]
[White "Razuvaev, Yuri S"]
[Black "Grant, Jonathan"]
[Result "1-0"]
[WhiteElo "2580"]
[BlackElo "2295"]

1.d4 Nf6 2.c4 e6 3.Nf3 Bb4+ 4.Bd2 Qe7 5.g3 Bxd2+ 6.Qxd2 Nc6 7.Nc3 d5 8.Bg2 dxc4
9.O-O O-O 10.Rfd1 Rd8 11.Rac1 Rb8 12.Qg5 Bd7 13.Ne5 Nxe5 14.dxe5 Nd5 15.Qxe7 Nxe7
16.Rd4 Bc6 17.Rxc4 Rd2 18.b4 h6 19.f4 Bxg2 20.Kxg2 c6 21.a4 Rbd8 22.Kf2 R8d4
23.Ne4 Rxc4 24.Rxc4 Rb2 25.Nd6 Nd5 26.b5 cxb5 27.axb5 a6 28.bxa6 bxa6 29.Rc8+ Kh7
30.Nxf7 a5 31.Ra8 Ra2 32.Nd8 g5 33.Nxe6 gxf4 34.Nxf4 Nxf4 35.gxf4  1-0

[Event "Bern op"]
[Site "Bern"]
[Date "1995.??.??"]
[Round "3"]
[White "Polak, Tomas"]
[Black "Kuzmin, Gennadi P"]
[Result "1-0"]
[WhiteElo "2420"]
[BlackElo "2545"]

1.d4 e6 2.c4 Nf6 3.Nf3 Bb4+ 4.Bd2 a5 5.g3 O-O 6.Bg2 d5 7.cxd5 exd5 8.O-O c6
9.Bf4 Re8 10.a3 Bf8 11.Nc3 Nbd7 12.Rc1 h6 13.Re1 Nb6 14.Ne5 Bf5 15.h3 Bh7
16.g4 a4 17.Bh2 Ne4 18.Nxe4 Bxe4 19.Bxe4 dxe4 20.e3 Qd5 21.Qe2 Re6 22.Kh1 Be7
23.Rg1 Ra5 24.Bf4 g5 25.Bg3 Rb5 26.Rgd1 Rb3 27.Rd2 Kg7 28.Kh2 Bd6 29.Rdc2 Rf6
30.Rd2 Kh7 31.Rdc2 Kg8 32.Rd2 Re6 33.Rcc2 Re8 34.Rc1 Ra8 35.Nc4 Bxg3+ 36.Kxg3 Nd7
37.Kg2 Re8 38.Rdc2 Re6 39.Nd2 Rd3 40.Rc3 Qb5 41.Nxe4 Rxc3 42.Nxc3 Qb3 43.Qc2 Nb6
44.Qxb3 axb3 45.Nb1 Na4 46.Nd2 Nxb2 47.Rb1 Na4 48.Rxb3 b5 49.d5 cxd5 50.Rxb5 Nc3
51.Rc5 d4 52.Nf3 Ra6 53.Nxd4 Rxa3 54.Nf5 Kh7 55.Rc7  1-0

[Event "Bern op"]
[Site "Bern"]
[Date "1995.??.??"]
[Round "4"]
[White "Arbakov, Valentin"]
[Black "Gonzales, Jorge A"]
[Result "1-0"]
[WhiteElo "2500"]
[BlackElo "2370"]

1.c4 Nf6 2.d4 e6 3.Nf3 Bb4+ 4.Bd2 Bxd2+ 5.Qxd2 d6 6.Nc3 Qe7 7.g3 O-O 8.Bg2 c6
9.O-O e5 10.Rad1 e4 11.Ne1 Bf5 12.Nc2 Nbd7 13.Ne3 Bg6 14.f3 exf3 15.exf3 Rfe8
16.Rfe1 Qd8 17.Re2 Nb6 18.b3 d5 19.c5 Nbd7 20.Bh3 b6 21.b4 bxc5 22.bxc5 Rb8
23.Rde1 Nf8 24.Kf2 Re7 25.Nf5 Rxe2+ 26.Nxe2 Bxf5 27.Bxf5 g6 28.Bh3 a5 29.Nf4 Rb4
30.a3 Rb3 31.Re3 Rxe3 32.Qxe3 Ne8 33.Qb3 Qf6 34.Ne2 h5 35.Qb6 a4 36.Qa6 g5
37.Bc8 g4 38.f4 Qg6 39.Bb7 Nf6 40.Qxc6 Ne6 41.Qxa4 Qd3 42.Bxd5 Nxc5 43.dxc5 Qxd5
44.Qd4 Qf3+ 45.Ke1 Qh1+ 46.Kd2 Ne4+ 47.Kc2 Qg2 48.Qd1 Kg7 49.Qd3 Nxc5 50.Qe3 Qf3
51.Qxf3 gxf3 52.Nd4 f2 53.Nf5+ Kf6 54.Ne3 Ke6 55.Kd2 Kd6 56.Ke2 Ne4 57.Kf3  1-0

[Event "Bled op"]
[Site "Bled"]
[Date "1995.??.??"]
[Round "3"]
[White "Arbakov, Valentin"]
[Black "Vospernik, Zdravko"]
[Result "1/2-1/2"]
[WhiteElo "2500"]
[BlackElo "2270"]

1.c4 Nf6 2.d4 e6 3.Nf3 Bb4+ 4.Bd2 Bxd2+ 5.Qxd2 b6 6.Nc3 Bb7 7.d5 O-O 8.g3 exd5
9.cxd5 b5 10.Nxb5 Bxd5 11.Bg2 c6 12.Nc3 Ne4 13.Nxe4 Bxe4 14.O-O Re8 15.Rac1 Na6
16.Rfd1 Bd5 17.Nh4 Be6 18.b3 Qb6 19.e4 Rad8 20.Qc3 Nb4 21.Rd2 a5 22.Qc5 Qxc5
23.Rxc5 a4 24.a3 Na6 25.Ra5 axb3 26.Rxa6 Ra8 27.Rxa8 Rxa8 28.e5 Rxa3 29.Be4 c5
30.Rd6 g6 31.Nf3 c4 32.Nd4 c3 33.f3 c2 34.Nxc2 bxc2 35.Bxc2 Rxf3 36.Ba4 Bh3
37.Rd1 Re3 38.Bxd7 Bxd7 39.Rxd7 Rxe5 40.Kf2 h5 41.h4 Rf5+  1/2-1/2

[Event "Bled op"]
[Site "Bled"]
[Date "1995.??.??"]
[Round "8"]
[White "Kovacevic, Blazimir"]
[Black "Gostisa, Leon"]
[Result "1/2-1/2"]
[WhiteElo "2295"]
[BlackElo "2420"]

1.d4 Nf6 2.c4 e6 3.Nf3 Bb4+ 4.Bd2 c5 5.Bxb4 cxb4 6.g3 O-O 7.Bg2 d6 8.O-O Qc7
9.Qb3 a5 10.a3 Na6 11.axb4 Nxb4 12.Na3 Bd7 13.Nc2 Nxc2 14.Qxc2 Rac8 15.Rfc1 b6
16.Ne1 e5 17.dxe5 dxe5 18.Ra3 Bc6 19.Bxc6 Qxc6 20.c5 bxc5 21.Rxa5 Qb6 22.Ra4  1/2-1/2

[Event "SWE-chB"]
[Site "Borlange"]
[Date "1995.??.??"]
[Round "?"]
[White "Madebrink, Lars"]
[Black "Eriksson, Anders"]
[Result "0-1"]
[WhiteElo "2290"]
[BlackElo "2320"]

1.d4 Nf6 2.Nf3 e6 3.c4 Bb4+ 4.Bd2 Qe7 5.g3 O-O 6.Bg2 Bxd2+ 7.Qxd2 d6 8.O-O e5
9.Nc3 Re8 10.e4 a5 11.Rfe1 Bg4 12.Nd5 Nxd5 13.exd5 Nd7 14.Re3 Bxf3 15.Bxf3 f5
16.Bg2 Qf6 17.Rae1 Kf8 18.dxe5 Rxe5 19.f4 Rxe3 20.Qxe3 Nc5 21.b3 Qf7 22.Qd4 Re8
23.Rxe8+ Qxe8 24.Kf2 Kf7 25.Bf3 Qd8 26.Ke3 Kg6 27.Kf2 h6 28.h3 Qf6 29.Ke3 Qxd4+
30.Kxd4 Kf6 31.Bg2 g5 32.Bf3 Kg6 33.Ke3 a4 34.b4 Na6 35.b5 Nc5 36.Kd4 gxf4
37.gxf4 a3 38.Kc3 Ne4+ 39.Bxe4 fxe4 40.Kd4 Kf5 41.b6 cxb6 42.Ke3 h5 43.h4 b5
44.c5 dxc5 45.Kd2 b4  0-1

[Event "Bratislava op"]
[Site "Bratislava"]
[Date "1995.??.??"]
[Round "4"]
[White "Toth Vano, P."]
[Black "Zakovic, Jozef"]
[Result "1/2-1/2"]
[WhiteElo "1800"]
[BlackElo "1875"]

1.d4 Nf6 2.c4 e6 3.Nf3 Bb4+ 4.Bd2 Bxd2+ 5.Nbxd2 d5 6.g3 O-O 7.Bg2 dxc4 8.Nxc4 c6
9.Nfe5 Nbd7 10.f4 Nxe5 11.dxe5 Nd5 12.e4 Nb4 13.Nd6 c5 14.O-O b6 15.a3 Nc6
16.f5 Nxe5 17.Qd2 Qe7 18.Nxc8 Raxc8 19.f6 gxf6 20.Qh6 Kh8 21.Rf4 Ng6 22.Rf3 Ne5
23.Rf4 Ng6 24.Rf3  1/2-1/2

[Event "Bratislava op"]
[Site "Bratislava"]
[Date "1995.??.??"]
[Round "6"]
[White "Bartek, Z."]
[Black "Zakovic, Jozef"]
[Result "0-1"]
[WhiteElo "1955"]
[BlackElo "1875"]

1.d4 Nf6 2.c4 e6 3.Nf3 Bb4+ 4.Bd2 Bxd2+ 5.Qxd2 d5 6.Nc3 b6 7.e3 O-O 8.cxd5 exd5
9.Bd3 Nbd7 10.Rc1 a6 11.O-O Bb7 12.Rfd1 Ne4 13.Qc2 f5 14.Ne5 c6 15.Nxd7 Qxd7
16.Na4 Qd8 17.f3 Nd6 18.Qf2 Rb8 19.Re1 Qc7 20.Qg3 Rbd8 21.Nc3 c5 22.b3 c4
23.Ne2 Qe7 24.Bb1 Qxe3+ 25.Qf2 Rde8 26.Ng3 Qxf2+ 27.Kxf2 f4 28.Ne2 b5 29.g3 fxg3+
30.hxg3 b4 31.Nf4 a5 32.Re5 Rxe5 33.dxe5 Nb5 34.bxc4 dxc4 35.Rxc4 g5 36.Nh5 Rxf3+
37.Kg1 Rc3 38.Nf6+ Kf7 39.Rxc3 Nxc3 40.Bd3 Ke6 41.Nxh7 Kxe5 42.Nxg5 Nxa2
43.Nf7+ Kd4 44.Bb1 Nc3 45.Bf5 b3 46.g4 b2 47.Nd8 Be4  0-1

[Event "RUS-chT"]
[Site "Briansk"]
[Date "1995.??.??"]
[Round "7"]
[White "Notkin, Maksim"]
[Black "Karpeshov, Oleg"]
[Result "1-0"]
[WhiteElo "2485"]
[BlackElo "2440"]

1.d4 Nf6 2.c4 e6 3.Nf3 Bb4+ 4.Bd2 Qe7 5.g3 Nc6 6.Bg2 Bxd2+ 7.Nbxd2 O-O 8.O-O d6
9.e4 e5 10.d5 Nb8 11.Ne1 a5 12.Nd3 Na6 13.a3 Bg4 14.f3 Bd7 15.b4 c6 16.bxa5 cxd5
17.cxd5 Bb5 18.Qb3 Nc7 19.Nc4 Ba6 20.a4 Rad8 21.Rac1 Kh8 22.Qa3 Bxc4 23.Rxc4 Na6
24.Rb1 Rc8 25.Qc3 Rxc4 26.Qxc4 Ng8 27.Qb5 f5 28.exf5 Rc8 29.h4 Qf6 30.Rc1 Rxc1+
31.Nxc1 Qxf5 32.Qxb7 Nc5 33.Qc6 e4 34.fxe4 Qe5 35.Ne2 Qb2 36.Qb5 Qd2 37.a6 Qe3+
38.Kh2 Nd3 39.Ng1 Ne5 40.Qe2 Qa7 41.Nh3 Nf6 42.Nf2 h5 43.Bh3 Qd4 44.a5 Qc5
45.Kg2 Qxa5 46.Be6 Qa3 47.Nh3 Nd3 48.Nf4 Nc5 49.Ng6+ Kh7 50.Bf5 Qxa6 51.Qxa6 Nxa6
52.Ne5+ g6 53.Nxg6 Kh6 54.Ne7 Nc5 55.Kf3 Nd3 56.Nc8 Ne5+ 57.Kf4 Ne8 58.Nxd6  1-0

[Event "Brno-A"]
[Site "Brno"]
[Date "1995.??.??"]
[Round "6"]
[White "Sulzbach, Sven"]
[Black "Velicka, Petr"]
[Result "0-1"]
[WhiteElo "2245"]
[BlackElo "2415"]

1.d4 Nf6 2.c4 e6 3.Nf3 Bb4+ 4.Bd2 Qe7 5.a3 Bxd2+ 6.Nbxd2 d6 7.g3 b6 8.Bg2 Bb7
9.O-O O-O 10.b4 c5 11.Qb3 Nbd7 12.Rfd1 Rac8 13.Rac1 Rfd8 14.e3 Ba8 15.Ne1 Bxg2
16.Nxg2 e5 17.Nf3 e4 18.Nd2 g5 19.Qb1 Nf8 20.Rf1 Re8 21.f4 exf3 22.Rxf3 Ne4
23.Nxe4 Qxe4 24.Qxe4 Rxe4 25.Rf5 cxd4 26.Rxg5+ Ng6 27.exd4 Rxd4 28.c5 dxc5
29.bxc5 Rd7 30.Nf4 Kf8 31.Nxg6+ hxg6 32.Rf1 Rxc5 33.Rxg6 Ra5 34.h4 Rxa3 35.h5 Rd2
36.Rg5 Raa2 37.Rf3 Rd1+ 38.Rf1 Rxf1+ 39.Kxf1 Ra5 40.Rxa5 bxa5  0-1

[Event "Budapest FS07 IM-B"]
[Site "Budapest"]
[Date "1995.??.??"]
[Round "?"]
[White "Breier, Andreas"]
[Black "Arnold, Ferenc"]
[Result "1/2-1/2"]
[WhiteElo "2225"]
[BlackElo "2355"]

1.c4 Nf6 2.Nf3 e6 3.d4 Bb4+ 4.Bd2 Qe7 5.g3 Nc6 6.Bg2 Bxd2+ 7.Qxd2 Ne4 8.Qc1 Qb4+
9.Nc3 Nxc3 10.Qxc3 Qxc3+ 11.bxc3 Na5 12.c5 Rb8 13.O-O b6 14.cxb6 cxb6 15.e4 Ba6
16.Rfd1 Rc8 17.Rac1 Be2 18.Rd2 Bxf3 19.Bxf3 Ke7 20.e5 d5 21.Be2 Nc4 22.Bxc4 Rxc4
23.Kf1 Rhc8 24.Rdc2 Kd7 25.Ke2 Kc6 26.Rb1 b5 27.Rb4 Kb6 28.Kd2 a5 29.Rb1 b4
30.a3 Rxc3 31.Rxc3 Rxc3 32.axb4 Rc4 33.bxa5+ Kxa5 34.Rb7 Rxd4+ 35.Kc3 Rc4+
36.Kd3 f6 37.Rxg7 fxe5 38.Rxh7 e4+ 39.Kd2 Kb5 40.g4 e3+ 41.fxe3 Rxg4 42.Ke2 Re4
43.Kd3 Kc6 44.h4 Kd6 45.h5 Rh4 46.h6 Ke5 47.Rh8 Rh3 48.h7 Rh6 49.Kc3 Rh2
50.Kd3 Rh3 51.Kd2 Rh5 52.Ke2 Ke4 53.Re8 Rh2+ 54.Ke1 Rxh7 55.Rxe6+ Kd3 56.Kf2 Rh4
57.Re5  1/2-1/2

[Event "Budapest FS07 IM-A"]
[Site "Budapest"]
[Date "1995.??.??"]
[Round "?"]
[White "Orso, Miklos"]
[Black "Richter, Michael"]
[Result "1-0"]
[WhiteElo "2400"]
[BlackElo "2255"]

1.d4 Nf6 2.c4 e6 3.Nf3 Bb4+ 4.Bd2 Be7 5.Nc3 d5 6.Bg5 O-O 7.e3 b6 8.Bxf6 Bxf6
9.cxd5 exd5 10.b4 c5 11.bxc5 bxc5 12.Rc1 Qa5 13.Qd2 cxd4 14.Nxd4 Be6 15.Ncb5 Qxd2+
16.Kxd2 Nd7 17.f4 Bxd4 18.Nxd4 Nf6 19.Bd3 Ne4+ 20.Bxe4 dxe4 21.a3 Rab8 22.Rb1 Ba2
23.Rb4 Rxb4 24.axb4 Bc4 25.Rc1 Bd3 26.Nc6 a6 27.Ne7+ Kh8 28.Rc8 Rxc8 29.Nxc8 f5
30.Kc3 g6 31.Kd4 Kg7 32.Nd6 Kh6 33.Nf7+ Kh5 34.Ne5 Bf1 35.g3 Be2 36.Kd5 Bf1
37.Ke6 Be2 38.Kf6 Bb5 39.Kg7 h6 40.Nxg6 Kg4 41.Ne5+ Kh3 42.Kxh6 Kxh2 43.Kg5 Kxg3
44.Kxf5 Bd3 45.Kg5 Bc2 46.f5 Bb3 47.f6 Ba2 48.Kf5 Bd5 49.Nd7 Kf3 50.Ke5  1-0

[Event "Budapest FS07 IM-B"]
[Site "Budapest"]
[Date "1995.??.??"]
[Round "?"]
[White "Voskanian, Vahagn"]
[Black "Arnold, Ferenc"]
[Result "1-0"]
[WhiteElo "2425"]
[BlackElo "2355"]

1.d4 Nf6 2.Nf3 e6 3.c4 Bb4+ 4.Bd2 Qe7 5.g3 Nc6 6.Bg2 Bxd2+ 7.Nbxd2 d6 8.O-O a5
9.Rc1 O-O 10.e3 e5 11.Qc2 Bg4 12.dxe5 dxe5 13.a3 Rfd8 14.Ng5 Be2 15.Rfe1 Bd3
16.Qb3 e4 17.Qxb7 Ne5 18.Ngxe4 Bxe4 19.Nxe4 Nd3 20.Nxf6+ Qxf6 21.Rf1 Nxc1
22.Rxc1 Rab8 23.Qxc7 Qxb2 24.Rf1 Qxa3 25.Bd5 Kh8 26.Qxf7 Qc5 27.h4 a4 28.h5 Rd6
29.Qf4 Qb4 30.Be4 Rh6 31.Rb1 Qxb1+ 32.Bxb1 Rxb1+ 33.Kh2 Rf6 34.Qe5 Kg8 35.Qe8+ Rf8
36.Qxa4 Rb2 37.Qd7 Rbxf2+ 38.Kh3 R8f5 39.Kg4 h6 40.Qe6+ Kh8 41.Qxf5  1-0

[Event "Budapest FS06 IM"]
[Site "Budapest"]
[Date "1995.??.??"]
[Round "1"]
[White "Peter, Ambrus"]
[Black "Eperjesi, Laszlo"]
[Result "1/2-1/2"]
[WhiteElo "2335"]
[BlackElo "2350"]

1.d4 Nf6 2.c4 e6 3.Nf3 Bb4+ 4.Bd2 a5 5.g3 b6 6.Bg2 Ba6 7.b3 O-O 8.O-O c6
9.Ne5 d5 10.Bg5 Be7 11.Nd2 Nfd7 12.Bxe7 Qxe7 13.Nxd7  1/2-1/2

[Event "Budapest FS09 IM-A"]
[Site "Budapest"]
[Date "1995.??.??"]
[Round "2"]
[White "Eperjesi, Laszlo"]
[Black "Cerneanu, Norbert"]
[Result "1-0"]
[WhiteElo "2280"]
[BlackElo "2270"]

1.d4 Nf6 2.c4 e6 3.Nf3 Bb4+ 4.Bd2 Qe7 5.g3 O-O 6.Bg2 d5 7.Qc2 Nc6 8.O-O Rd8
9.Rd1 a5 10.Bf4 dxc4 11.e3 h6 12.a3 Bd6 13.Qxc4 Bd7 14.Nc3 Bxf4 15.gxf4 Be8
16.Ne5 Ra6 17.Rd2 a4 18.Nxc6 Bxc6 19.Bxc6 Rxc6 20.Qe2 Ra8 21.Kh1 Nd5 22.Ne4 b6
23.Rg1 Nf6 24.Nxf6+ Qxf6 25.Qf3 e5 26.dxe5 Qe6 27.Rc2  1-0

[Event "Budapest"]
[Site "Budapest"]
[Date "1995.??.??"]
[Round "2"]
[White "Serdt, Simon"]
[Black "Arnold, Ferenc"]
[Result "0-1"]
[WhiteElo "2235"]
[BlackElo "2325"]

1.d4 Nf6 2.c4 e6 3.Nf3 Bb4+ 4.Bd2 Qe7 5.Nc3 b6 6.g3 Bb7 7.Bg2 O-O 8.O-O d6
9.a3 Bxc3 10.Bxc3 Nbd7 11.b4 Rfc8 12.Qb3 Rab8 13.Rfd1 c5 14.dxc5 bxc5 15.b5 d5
16.Ne5 d4 17.Nxd7 Qxd7 18.f3 e5 19.e4 Qe6 20.Bd2 Ne8 21.g4 Nd6 22.Rac1 g6
23.Re1 f5 24.exf5 gxf5 25.Bf4 Nf7 26.Bxe5 Nxe5 27.f4 Be4 28.gxf5 Qxf5 29.fxe5 Bxg2
30.Kxg2 Kh8 31.Kh1 Rg8 32.Rf1 Qxe5 33.Rce1 Qg7 34.Qf3 Rbf8 35.Qc6 d3 36.Rxf8 Rxf8
37.Qg2 Qd4 38.Qd5 Qxd5+ 39.cxd5 c4 40.Rd1 Rd8  0-1

[Event "Budapest"]
[Site "Budapest"]
[Date "1995.??.??"]
[Round "2"]
[White "Lorincz, Istvan"]
[Black "Letreguilly, Olivier"]
[Result "1-0"]
[WhiteElo "2360"]
[BlackElo "2300"]

1.d4 Nf6 2.Nf3 e6 3.c4 Bb4+ 4.Bd2 a5 5.a3 Bxd2+ 6.Nbxd2 d6 7.e3 c6 8.Qc2 b6
9.h3 Nbd7 10.Be2 O-O 11.g4 Ra7 12.g5 Ne8 13.Bd3 f5 14.gxf6 Ndxf6 15.O-O-O c5
16.dxc5 bxc5 17.Ng5 h6 18.h4 Re7 19.Rhg1 Bb7 20.Rg3 Bc6 21.Rdg1 Qb6 22.Bg6 Nc7
23.Nh7 Nxh7 24.Bxh7+ Kh8 25.Rxg7 Rxg7 26.Rxg7 Kxg7 27.Qg6+ Kh8 28.Bg8  1-0

[Event "Schneider mem op"]
[Site "Budapest"]
[Date "1995.??.??"]
[Round "2"]
[White "Chetverik, Maxim"]
[Black "Lepsenyi, Lorant"]
[Result "1-0"]
[WhiteElo "2335"]
[BlackElo "2150"]

1.d4 Nf6 2.c4 e6 3.Nf3 Bb4+ 4.Bd2 Bxd2+ 5.Qxd2 d5 6.Nc3 O-O 7.e3 c5 8.dxc5 Qa5
9.Ne4 Qxd2+ 10.Nexd2 a5 11.Rc1 Bd7 12.cxd5 exd5 13.Nd4 Rc8 14.Rc3 a4 15.Rc2 Nc6
16.Nxc6 Bxc6 17.f3 Ra5 18.Bd3 g6 19.Ke2 Nd7 20.Rhc1 Ne5 21.f4 Nxd3 22.Kxd3 Bd7
23.Rc3 Re8 24.Nf3 Bb5+ 25.Kd2 Raa8 26.Nd4 Bd7 27.R1c2 Re4 28.Ra3 Rae8 29.Rcc3 Kg7
30.b4 axb3 31.axb3 g5 32.g3 gxf4 33.gxf4 Kf6 34.Ra7 Rb8 35.b4 Ree8 36.b5 Bf5
37.c6 bxc6 38.Rxc6+  1-0

[Event "Budapest FS11 GM"]
[Site "Budapest"]
[Date "1995.??.??"]
[Round "3"]
[White "Kaabi, Mejdi"]
[Black "Sulskis, Sarunas"]
[Result "1-0"]
[WhiteElo "2365"]
[BlackElo "2505"]

1.d4 Nf6 2.c4 e6 3.Nf3 Bb4+ 4.Bd2 a5 5.g3 b6 6.Bg2 Bb7 7.O-O O-O 8.Nc3 d6
9.Qc2 Nbd7 10.Rfe1 Bxc3 11.Bxc3 Be4 12.Qd2 c5 13.Rad1 d5 14.Qg5 h6 15.Qf4 Qb8
16.Qxb8 Raxb8 17.Ne5 Bxg2 18.Kxg2 dxc4 19.dxc5 Nxc5 20.Nxc4 Nfd7 21.b3 Rfc8
22.Bb2 Rc7 23.Rd4 a4 24.b4 Na6 25.Ne3 b5 26.Red1 Rbb7 27.Rg4 g6 28.Rh4 h5
29.g4 Nxb4 30.gxh5 Nc2 31.Ng4 a3 32.Be5 Nxe5 33.Rd8+ Kh7 34.hxg6+ Kxg6 35.Nxe5+ Kf5
36.Nd3 Rc4 37.Rh5+ Kf6 38.Re8 Rg4+ 39.Kf3 Rg5 40.Rh6+ Kg7 41.Rhh8 Nd4+ 42.Ke3 Rd7
43.f4 Rf5 44.Ne5 Nc2+ 45.Kf3 Rc7 46.Ng4 Rc3+ 47.e3 f6 48.Nh6  1-0

[Event "HUN-ch"]
[Site "Budapest"]
[Date "1995.??.??"]
[Round "4"]
[White "Horvath, Jozsef"]
[Black "Tolnai, Tibor"]
[Result "1-0"]
[WhiteElo "2520"]
[BlackElo "2470"]

1.d4 Nf6 2.c4 e6 3.Nf3 Bb4+ 4.Bd2 a5 5.g3 O-O 6.Bg2 d6 7.O-O Bxd2 8.Qxd2 Qe7
9.Nc3 e5 10.Rac1 Nc6 11.Nd5 Qd8 12.Rfd1 Nxd4 13.Nxd4 exd4 14.Qxd4 Nd7 15.Qh4 f6
16.Be4 g6 17.Qh6 f5 18.Bg2 Nc5 19.h4 Rf7 20.Nf4 Qf8 21.Qg5 Ne6 22.Nxe6 Bxe6
23.Qd2 Qg7 24.b3 a4 25.Bxb7 Rb8 26.Qe3 Qf6 27.Bg2 axb3 28.axb3 f4 29.gxf4 Kf8
30.Rc3 Re8 31.Qg3 Bg4 32.Bc6 Rxe2 33.Qxg4 Rxf2 34.Kxf2 Qxc3 35.Qf3 Qc2+ 36.Kg3 Re7
37.Qd3 Qb2 38.Bf3  1-0

[Event "Budapest FS06 GM"]
[Site "Budapest"]
[Date "1995.??.??"]
[Round "5"]
[White "Horvath, Jozsef"]
[Black "Finkel, Alexander"]
[Result "1/2-1/2"]
[WhiteElo "2515"]
[BlackElo "2505"]

1.d4 Nf6 2.Nf3 e6 3.c4 Bb4+ 4.Bd2 Qe7 5.g3 Nc6 6.Nc3 O-O 7.Bg2 Bxc3 8.Bxc3 Ne4
9.Qc2 Nxc3 10.Qxc3 d6 11.d5 Nb8 12.O-O e5 13.e4 a5 14.c5 Bg4 15.Rfc1 Na6
16.cxd6 cxd6 17.Nd2 Qd8 18.Bf1  1/2-1/2

[Event "Budapest FS12 IM"]
[Site "Budapest"]
[Date "1995.??.??"]
[Round "5"]
[White "Arnold, Johannes"]
[Black "Eperjesi, Laszlo"]
[Result "1/2-1/2"]
[WhiteElo "2250"]
[BlackElo "2280"]

1.d4 Nf6 2.c4 e6 3.Nf3 Bb4+ 4.Bd2 a5 5.g3 b6 6.Bg2 Ba6 7.b3 O-O 8.O-O c6
9.a3 Be7 10.Bc3 d5 11.Nbd2 Nbd7 12.Re1 Rc8 13.e4 Nxe4 14.Nxe4 dxe4 15.Rxe4 a4
16.Re3 Bf6 17.Nd2 axb3 18.Qxb3 c5 19.d5 exd5 20.Bxd5 Bxc3 21.Qxc3 Nf6 22.Bf3 Rc7
23.Rd3 Rd7 24.Rxd7 Qxd7 25.Ne4 Nxe4 26.Bxe4 Rd8 27.Bd5 Bb7 28.Bxb7 Qxb7 29.a4 Ra8
30.Qb3 h5 31.h4 Qc6 32.Qb5 Qf6 33.Re1 Kh7 34.Kg2 g6 35.Re8  1/2-1/2

[Event "Budapest FS03 GM"]
[Site "Budapest"]
[Date "1995.??.??"]
[Round "6"]
[White "Lukacs, Peter"]
[Black "Zemerov, Vladimir"]
[Result "1/2-1/2"]
[WhiteElo "2490"]
[BlackElo "2430"]

1.d4 Nf6 2.c4 e6 3.Nf3 Bb4+ 4.Bd2 Qe7 5.g3 Nc6 6.Nc3 d5 7.a3 Bxc3 8.Bxc3 a5
9.Bg2 O-O 10.O-O Ne4 11.Qc2 Rd8 12.b3 Nxc3 13.Qxc3 Bd7 14.e3 Be8 15.Rfc1 Rac8
16.Ne1 b6 17.cxd5 exd5 18.Bh3 Ra8 19.Nd3 Ra7 20.b4 a4 21.Qc2 Nb8 22.Nb2 Bb5
23.Qd1 Nd7 24.Rc3 Nf6 25.f3 Ne8 26.Rac1  1/2-1/2

[Event "HUN-ch Super"]
[Site "Budapest"]
[Date "1995.??.??"]
[Round "6"]
[White "Szabolcsi, Janos"]
[Black "Horvath, Jozsef"]
[Result "1-0"]
[WhiteElo "2475"]
[BlackElo "2510"]

1.d4 Nf6 2.c4 e6 3.Nf3 Bb4+ 4.Bd2 Qe7 5.g3 Nc6 6.Bg2 Bxd2+ 7.Nbxd2 d6 8.O-O a5
9.Nb1 O-O 10.Nc3 e5 11.h3 Bf5 12.e3 h6 13.a3 Rfe8 14.Rc1 exd4 15.Nxd4 Nxd4
16.Qxd4 Ne4 17.Nd5 Qd8 18.b4 axb4 19.axb4 c6 20.Nf4 Qf6 21.Qxf6 Nxf6 22.Rfd1 Red8
23.g4 Be4 24.Nh5 Bxg2 25.Nxf6+ gxf6 26.Kxg2 Ra4 27.Rb1 Kg7 28.Rd4 b6 29.Kf3 Kg6
30.Rb2 Kg7 31.h4 Rd7 32.h5 Ra1 33.Rbd2 Rc1 34.Ra2 c5 35.bxc5 bxc5 36.Rf4 d5
37.cxd5 c4 38.Rd4 c3 39.e4 c2 40.Rc4 Rb7 41.Raxc2 Rd1 42.Ke2 Rbb1 43.Rd2 Re1+
44.Kf3 Rb3+ 45.Kg2  1-0

[Event "Budapest"]
[Site "Budapest"]
[Date "1995.??.??"]
[Round "9"]
[White "Wohlfahrt, Herbert J"]
[Black "Arnold, Ferenc"]
[Result "0-1"]
[WhiteElo "2225"]
[BlackElo "2325"]

1.d4 Nf6 2.Nf3 e6 3.c4 Bb4+ 4.Bd2 Qe7 5.g3 Nc6 6.Bg2 Bxd2+ 7.Nbxd2 d6 8.O-O a5
9.e4 e5 10.d5 Nb8 11.Ne1 O-O 12.Nd3 Na6 13.h3 c6 14.f4 Nd7 15.f5 f6 16.Qe2 Ndc5
17.Nxc5 Nxc5 18.g4 Bd7 19.Rf3 Rab8 20.Nb3 cxd5 21.Nxc5 dxc5 22.cxd5 b5 23.Rg3 c4
24.h4 Qc5+ 25.Kh2 b4 26.g5 Bb5 27.Qg4 Rb7 28.a3 c3 29.axb4 cxb2 30.Rb1 Qc2
31.gxf6 Qxb1 32.fxg7 Rc8 33.f6 Qe1 34.Bh3 Qxg3+ 35.Qxg3 b1=Q 36.Be6+ Rf7
37.Qxe5 Qc2+ 38.Kg3 Qd3+ 39.Kf2 Qd2+ 40.Kg3 Qe3+ 41.Kg2 Qe2+ 42.Kg3 Qe1+
43.Kg2 Bf1+ 44.Kf3 Qe2+ 45.Kg3 Qg2+ 46.Kf4 Qh2+  0-1

[Event "Buenos Aires op"]
[Site "Buenos Aires"]
[Date "1995.??.??"]
[Round "4"]
[White "Minzer, Claudio Javier"]
[Black "Lida Garcia, Fernando"]
[Result "1-0"]
[WhiteElo "2385"]
[BlackElo "2135"]

1.d4 Nf6 2.c4 e6 3.Nf3 Bb4+ 4.Bd2 c5 5.g3 Qb6 6.Qb3 Nc6 7.Bxb4 Qxb4+ 8.Nbd2 b6
9.Bg2 Ba6 10.O-O cxd4 11.Nxd4 Qc5 12.Nxc6 dxc6 13.Qa4 Bb7 14.Nb3 Qd6 15.Rfd1 Qc7
16.Nd4 Rc8 17.Qxa7 O-O 18.Qa3 h5 19.h4 g6 20.Qc3 e5 21.Nf3 Rce8 22.Ng5 c5
23.Bxb7 Qxb7 24.Rd6 Ne4 25.Nxe4 Qxe4 26.Qd3 Qxd3 27.Rxd3 Rd8 28.Rd5 Rxd5
29.cxd5 e4 30.b4 cxb4 31.Rb1 Rd8 32.Rxb4 Rxd5 33.a4 Ra5 34.Kf1 Kg7 35.Ke1 f5
36.Kd2 Kf7 37.Ke3 Ra8 38.Kf4 Ra6 39.Kg5 Kg7 40.Rc4 Ra7 41.Rc6 Rxa4 42.Rxg6+ Kf7
43.Rxb6 e3 44.Rf6+ Kg7 45.f4 Ra2 46.Rxf5 Rxe2 47.Kxh5 Rg2 48.Kg4 e2 49.Re5 Rf2
50.Kg5 Kf7 51.g4 Rg2 52.h5 Rf2 53.f5 Kg7 54.Re7+ Kf8 55.f6 Rg2 56.Kf5 Rf2+
57.Kg6  1-0

[Event "BUL-ch"]
[Site "?"]
[Date "1995.??.??"]
[Round "?"]
[White "Genov, Petar"]
[Black "Kuzev, Jordan"]
[Result "1-0"]
[WhiteElo "2445"]
[BlackElo "2305"]

1.d4 Nf6 2.c4 e6 3.Nf3 Bb4+ 4.Bd2 a5 5.g3 d5 6.Bg2 dxc4 7.O-O b5 8.a4 Bxd2
9.Nfxd2 Ra7 10.axb5 Qxd4 11.Na3 Bb7 12.Bxb7 Rxb7 13.Ndxc4 Qc5 14.Rc1 Qb4
15.Nd6+ cxd6 16.Rc8+ Ke7 17.Rxh8 Qxb2 18.Qc1 Qxc1 19.Rxc1 Nbd7 20.Rcc8 a4
21.f3 d5 22.g4 h6 23.h4 Nb6 24.g5 hxg5 25.hxg5 Nfd7 26.Rhe8+ Kd6 27.Rc6+ Ke5
28.Re7 Kf5 29.Rxf7+ Kxg5  1-0

[Event "Bytom op"]
[Site "Bytom"]
[Date "1995.??.??"]
[Round "?"]
[White "Radzikowska, Krystyna"]
[Black "Przybylka, Damian"]
[Result "1/2-1/2"]
[WhiteElo "2015"]
[BlackElo "2120"]

1.d4 e6 2.c4 Nf6 3.Nf3 Bb4+ 4.Bd2 Qe7 5.Nc3 c5 6.e3 O-O 7.Be2 d6 8.Qc2 Bd7
9.O-O Bc6 10.Rad1 Bxc3 11.Bxc3 Be4 12.Qc1 b6 13.Ne1 e5 14.dxe5 dxe5 15.f3 Bb7
16.e4 Nc6 17.Nc2 Nd4 18.Rfe1 Rad8 19.Ne3 Ba6 20.b3 Nxe2+ 21.Rxe2 Rxd1+ 22.Qxd1 Rd8
23.Rd2 Rxd2 24.Qxd2 Qd7 25.Qxd7 Nxd7 26.Nd5 Kf8  1/2-1/2

[Event "Bytom op"]
[Site "Bytom"]
[Date "1995.??.??"]
[Round "?"]
[White "Obierak, Wladyslaw"]
[Black "Goj, Artur"]
[Result "0-1"]
[WhiteElo "2110"]
[BlackElo "2340"]

1.d4 Nf6 2.c4 e6 3.Nf3 Bb4+ 4.Bd2 Qe7 5.a3 Bxd2+ 6.Nbxd2 d6 7.g3 e5 8.Qb3 O-O
9.Bg2 Re8 10.e3 h6 11.O-O e4 12.Ne1 c6 13.Nc2 Bf5 14.Rae1 d5 15.cxd5 cxd5
16.Qb4 Qd7 17.Rc1 Nc6 18.Qa4 Rac8 19.Nb4 Nxd4 20.Qxd7 Ne2+ 21.Kh1 Bxd7 22.Rxc8 Rxc8
23.Re1 Nc1 24.Nxd5 Nxd5 25.Bxe4 Be6 26.f4 f5 27.Bb1 Nf6 28.Kg1 g6 29.Nf3 Nb3
30.Nd4 Nxd4 31.exd4 Bd5 32.h3 Kf7  0-1